Normal view
MARC view
- ʻĀbidī, Raz̤ā ʻAlī,
Entry Personal Name
001 - CONTROL NUMBER
- control field: 3430
003 - CONTROL NUMBER IDENTIFIER
- control field: NUST
005 - DATE AND TIME OF LATEST TRANSACTION
- control field: 20170719105309.0
008 - FIXED-LENGTH DATA ELEMENTS
- fixed length control field: 170719|| aca||aabn | a|a d
040 ## - CATALOGING SOURCE
- Original cataloging agency: NUST
- Transcribing agency: NUST
100 ## - HEADING--PERSONAL NAME
- Personal name: ʻĀbidī, Raz̤ā ʻAlī,
- Dates associated with a name: 1936-
- General subdivision: Travel
- Geographic subdivision: India.
670 ## - SOURCE DATA FOUND
- Source citation: Work cat.: (NUST)0: ʻĀbidī, Raz̤ā ʻAlī, 1936- 3428, Rel kahānī /, 1999.
